000 00323nam a2200145Ia 4500
008 150301s2015 xx 000 0 und d
082 _a615.4
_bD13M
100 _aR.M MEHRA
245 _aDISPENSING PHARMACY
250 _a4TH
260 _bVOLLABH PRAKASHAN
300 _a200
650 _aPHARMACY
942 _2ddc
_cBK
_040
999 _c7069
_d7069